Management Of Education / (Record no. 137828)

MARC details
000 -LEADER
fixed length control field 00576nam a22001937a 4500
005 - DATE AND TIME OF LATEST TRANSACTION
control field 20170223171549.0
010 ## - LCCN (DPL NO)
LC control number B-158688
020 ## - INTERNATIONAL STANDARD BOOK NUMBER
Terms of availability 695.00
035 ## - SYSTEM CONTROL NUMBER
System control number B-158688
037 ## - SOURCE OF ACQUISITION
Source of stock number/acquisition DPL
082 ## - DEWEY DECIMAL CLASSIFICATION NUMBER
Edition number 2005
Classification number 370.954
100 ## - MAIN ENTRY--PERSONAL NAME
Personal name Rao V.K
245 ## - TITLE STATEMENT
Title Management Of Education /
Statement of responsibility, etc V.K.Rao
260 ## - PUBLICATION, DISTRIBUTION, ETC. (IMPRINT)
Place of publication, distribution, etc New Delhi
Name of publisher, distributor, etc A.P.H.Publishing Corporation
Date of publication, distribution, etc 2005
270 ## - ADDRESS
Address 5,Ansari Road,Darya Ganj
City New Delhi
Postal code 110002
Telephone number 23274050
Electronic mail address aph@mantraonline.com
300 ## - PHYSICAL DESCRIPTION
Extent 257pages
Other physical details Pictures
Dimensions 25cm(With Binding )
500 ## - GENERAL NOTE
General note Index
942 ## - ADDED ENTRY ELEMENTS (KOHA)
Source of classification or shelving scheme Dewey Decimal Classification
Item type English Books
Classification part 370.954
Call number suffix Rao
Holdings
Withdrawn status Lost status Not for loan Collection code Home library Current library Date acquired Source of acquisition Cost, normal purchase price Full call number Barcode Copy number Cost, replacement price Koha item type
    Ordered Non-fiction Sarojini Nagar Sarojini Nagar 23/02/2017 DPL 695.00 370.954 Rao B-158688 1 695.00 English Books

© Delhi Public Library
Hit Counter
free hit counter